| 000 | 01311nam a2200337 a 4500 | ||
|---|---|---|---|
| 001 | 000113440 | ||
| 003 | CHAP | ||
| 005 | 20220329144354.0 | ||
| 008 | 170626s2016 mx a fsm |||||||spa d | ||
| 010 | _a109901 | ||
| 011 | _a110873 | ||
| 040 | _cCHAP | ||
| 090 | _aTesis | ||
| 100 | 1 |
_aEsparza Robles, Ena Melisa _9132714 |
|
| 245 | 1 | 0 |
_aApropiación de la innovación tecnológica para un desarrollo comunitario en el truchero Truchero Ejidal San Juan Cuauhtémoc, Puebla / _h[En línea] _cpor Ena Melisa Esparza Robles. |
| 260 |
_aChapingo, Méx. : _bEl autor, _c2016. |
||
| 500 | _aPara ver el contenido del material haga clic en la liga | ||
| 502 | _aTesis (M.C. en Desarrollo Rural Regional) -- UACH. Dirección de Centros Regionales Universitarios | ||
| 590 |
_aBATCH-UPD _b05 _c20170626 _lUCH01 _h1031 |
||
| 590 |
_aE6096MTM _b05 _c20170626 _lUCH01 _h1030 |
||
| 590 |
_aE6096MTM _b05 _c20170626 _lUCH01 _h1501 |
||
| 650 | 1 | 4 |
_aDesarrollo de la comunidad _zPuebla. _931986 |
| 650 | 1 | 4 |
_aPiscicultura _xInnovaciones tecnológicas. _9132715 |
| 650 | 1 | 4 |
_aSistemas de producción. _9106767 |
| 650 | 1 | 4 |
_aTruchas _xProducción. _9132716 |
| 650 | 1 | 4 |
_aTurismo rural. _9124695 |
| 856 |
_aFinding aid _uhttp://10.13.5.2/tesis/sist113440.pdf _zTeclea aquí |
||
| 901 | _aBK | ||
| 942 | _cTESIS | ||
| 942 | _n0 | ||
| 999 |
_c109901 _d109901 |
||